000 00475nam a2200157Ia 4500
003 OSt
005 20200617120120.0
008 190216s9999||||xx |||||||||||||| ||und||
040 _coclc
082 _a954
_bALL/C
100 _aAllan, J
_93010
245 4 _aThe Cambridge Shorter History Of India /
_cJ Allan ; T Wolseley Haig ; H H Dodwell
260 _bS Chand & Co,
_c1978.
_aNew Delhi:
300 _a784p
942 _cBK
_2ddc
_h954
_iALL/C
_k954
_mALL/C
999 _c18678
_d18678